Italienische erzähler aus sechs jahrzehnten. Tomo II.

Bewaard in:
Bibliografische gegevens
Formaat: Boek
Taal:Undetermined
Gepubliceerd in: Berlín, Alemania Volk und Welt 1975
Onderwerpen:
Tags: Voeg label toe
Geen labels, Wees de eerste die dit record labelt!

MARC

LEADER 00000nam a2200000Ia 4500
008 170316s9999 xx 000 0 und d
999 |c 8154  |d 8154 
040 |a cru BVZT 
090 |a 850 I-1i v.2 
245 |a Italienische erzähler aus sechs jahrzehnten. Tomo II. 
260 |a Berlín, Alemania  |b Volk und Welt  |c 1975 
300 |a 691 páginas 
650 |a LITERATURA ITALIANA  |9 212 
942 |c SALA  |h 850 I-1i v.2  |2 z